LEADER 00988nam a2200229 4500 001 000000346187 003 CaOOAMICUS 005 20210524141616.0 008 210524s199u it a 000 u ita r 040 $aSeMil$bita 100 1 $aGiordano, Stefano.$0(OLS)http://semarc/name/48629 245 13$aLa Cappella Palatina nel Palazzo dei Normanni /$cdi Stefano Giordano. 264 1$aPalermo :$bPoligraf,$c[199-?] 300 $a1 v. :$bill. ;$c31 cm 650 4$aPalermo - Palazzo dei Normanni - Cappella Palatina.$0(OLS)http://semarc/subject/50443 650 4$aSicilia - Normanni - Architettura.$0(OLS)http://semarc/subject/23486 850 $aSeMil 852 $aSeMil$W1$xVenegono$y1$m5F XVI 9$j227042$B237246$CSeMilBibl$Z2$F237246 $81 961 $aMagni don Walter - Omaggio 996 $6245$aLa Cappella Palatina nel Palazzo dei Normanni$9(OLS)http://semarc/title/435401 996 $6264$aPalermo :$bPoligraf$9(OLS)http://semarc/publisher/45557 LEADER 00956nam a2200241 i 4500 001 000000070997 003 CaOOAMICUS 005 20080619000000.0 008 080619s1945 it u000 u ita u 013 $a42169 040 $aSeMil$bita 100 1 $aBerdjaev, Nikolaj Aleksandrovic,$d<1874-1948>.$0(OLS)http://semarc/name/21183 245 13$aLa concezione di Dostojevskij /$cNikolaj Berdjajev. 260 $aRoma :$bGiulio Einaudi,$cstampa 1945. 300 $a227 p. ;$c22 cm. 490 0 $aSaggi ;$v52. 600 14$aDostoevskij, Fëdor Michajlovi? <1821-1881>.$0(OLS)http://semarc/subject/44922 830 0$aSaggi ;$v52.$0(OLS)http://semarc/title/341 850 $aSeMil 852 $aSeMil$W1$xVenegono$y1$m1R III 86$j257813$B37150$CSeMilBibl$Z2$F37153 $81 961 $aOmaggio: Donazione 996 $6245$aLa concezione di Dostojevskij$9(OLS)http://semarc/title/114108 996 $6260$aRoma :$bGiulio Einaudi$9(OLS)http://semarc/publisher/33816